| 000 | 01221nam a2200301u 4500 | ||
|---|---|---|---|
| 001 | 28555 | ||
| 003 | BD-RjUL | ||
| 005 | 20211209051310.0 | ||
| 008 | 140331r19481912enk 001 0 eng | ||
| 035 | _a(BD-RjUL)28636 | ||
| 040 |
_aDLC _cCarP _dDLC _dBD-RjUL _beng |
||
| 041 | _aeng | ||
| 051 |
_aPA4272 _b.A3 1912 _cCopy 2. |
||
| 082 |
_a186 _bPHL V-1 1948 |
||
| 100 | 1 |
_aPhilostratus, _dactive 2nd century-3rd century. _985613 |
|
| 245 | 1 | 4 |
_aThe life of Apollonius of Tyana : _bthe Epistles of Apollonius and the Treatise of Eusebius / _cPhilostratus, the Athenian; F C Conybeare _nI |
| 260 |
_aLondon ; _bW. Heinemann ; _aNew York : _bThe Macmillan co., _c1912 [Reprinted 1948]. |
||
| 300 |
_axv, 591, [7] p. ; _c17 cm. |
||
| 504 | _aIncludes index. | ||
| 600 | 0 | 0 |
_aApollonius, _cof Tyana. _987484 |
| 600 | 1 | 0 |
_aHierocles, Sossianus, _dactive 293-311. _987485 |
| 650 | 0 |
_aPhilosophers _zGreece _vBiography _vEarly works to 1800. _987478 |
|
| 700 | 0 |
_aEusebius, _cof Caesarea, Bishop of Caesarea, _dapproximately 260-approximately 340. _987479 |
|
| 700 | 1 |
_aConybeare, F. C. _q(Frederick Cornwallis), _d1856-1924, _etr. _987480 |
|
| 942 |
_2ddc _cBK |
||
| 999 |
_c28555 _d28555 |
||